IPO kmenové akcie a jejich primární emise

Salvato in:
Dettagli Bibliografici
Autore principale: Liška, Václav
Altri autori: Gazda, Jan
Natura: Libro
Lingua:ceco
Pubblicazione: Praha Nakladatelství HZ 2001
Serie:Český kapiálový trh - ČKT
Soggetti:
Tags: Aggiungi Tag
Nessun Tag, puoi essere il primo ad aggiungerne!!

MARC

LEADER 00000nam a2200000 4500
001 c127479
005 20221124104612.5
020 |a 80-86009-36-X 
041 0 |a cze 
044 |a CZ 
245 1 0 |a IPO kmenové akcie a jejich primární emise  |c Václav Liška, Jan Gazda 
264 1 |a Praha  |b Nakladatelství HZ  |c 2001 
300 |a 169 s. 
490 1 |a Český kapiálový trh - ČKT 
830 0 |a Český kapiálový trh - ČKT 
610 2 0 |a akcie 
610 2 0 |a akcionári 
610 2 0 |a emisia 
610 2 0 |a ceny 
610 2 0 |a spoločnosti akciové 
610 2 0 |a modely 
610 2 0 |a porovnanie medzinárodné 
610 2 0 |a oceňovanie 
610 2 0 |a dividendy 
610 2 0 |a trh kapitálový 
610 2 0 |a papiere cenné 
610 2 0 |a burzy 
610 2 0 |a burzovníctvo 
610 2 0 |a Česko 
100 1 |a Liška, Václav 
700 1 |a Gazda, Jan